|
|
|
|
| LEADER |
01119nam a22002657a 4500 |
| 003 |
GR-PaULI |
| 005 |
20210117210438.0 |
| 007 |
ta |
| 008 |
170908s1922 -usaf||f |||| 00| 0 eng d |
| 040 |
|
|
|a GR-PaULI
|b gre
|c GR-PaULI
|e AACR2
|
| 060 |
|
|
|a QH 559.P4
|
| 100 |
1 |
|
|9 163960
|a Pearl, Raymond,
|d 1879-1940,
|e συγγραφέας
|
| 245 |
1 |
4 |
|a The biology of death /
|c by Raymond Pearl.
|
| 260 |
|
|
|a Philadelpia :
|b J.B. Lippincott Company,
|c 1922
|
| 300 |
|
|
|a 275 σ. :
|b σχήμ., φωτ. ;
|c 21 εκ.
|
| 490 |
1 |
|
|a Monographs on experimental biology
|
| 500 |
|
|
|a Being a series lectures delivered at the Lowell Institute in Boston in December 1920.
|
| 504 |
|
|
|6 Περιλαμβάνει βιβλιογραφία και ευρετήριο.
|
| 650 |
|
0 |
|9 43829
|a Θάνατος
|
| 650 |
|
0 |
|9 247
|a Βιολογία
|
| 830 |
|
0 |
|9 163964
|a Monographs on experimental biology
|
| 942 |
|
|
|2 lcc
|c BKN
|
| 952 |
|
|
|0 0
|1 0
|2 lcc
|4 0
|6 QH0559 P4 PEA
|7 0
|9 214823
|a MEDI
|b MEDI
|c DON
|d 2017-09-08
|i 6966
|l 0
|o QH 559.P4 PEA
|p 025000174444
|r 2017-09-08 00:00:00
|t 1
|y BKN
|z Δωρεά Β. Βαλαώρα
|
| 998 |
|
|
|c MANIAKH
|d 2017
|
| 999 |
|
|
|c 130530
|d 130530
|